000 00786nam a2200277 i 4500
001 000049220
003 DO-SdBNP
005 20240508141646.0
007 ta
008 100212s2018 dr r 000 j spa d
020 _a9789993478829
040 _aDO-SdBNP
_bspa
_cBNPHU
_erda
082 4 _222
100 1 _aCheco, Yubany,
_96475
245 1 0 _aPequeñas sombras humanos :
_bcuentos /
_cYubany Checo
264 _aSanto Domingo :
_bLa idea del objeto,
_c2108.
300 _a76 páginas ;
_c21 cm.
336 _2rdacontent
_atexto
_btxt
337 _2rdamedia
_asin mediaciUn
_bn
338 _2rdacarrier
_avolumen
_bnc
590 _aInventariado, 2023/BT
650 4 _aCuentos dominicanos
_9176
650 4 _aLiteratura dominicana.
_967
910 _aBtavárez
942 _2ddc
_cLBS1
999 _c48708
_d48708